000 00377 a2200157 4500
001 174265
020 _a
040 _cMagnum
100 _aCalmon, Pedro
240 1 0 _aHistoria do brasil/v.5/jose olympio/sec. 19
_lpor
245 1 0 _aHistoria do brasil/v.5/jose olympio/sec. 19
362 0 _a1899
440 1 _aJosé Olympio
697 _aHISTORIA DO BRASIL
942 _cBK
999 _c174265
_d174265